Derecho del trabajo y de la seguridad social

Zapisane w:
Opis bibliograficzny
1. autor: Humeres Noguer, Héctor (autor)
Format: Książka
Język:hiszpański
Wydane: Santiago Jurídica de Chile 2000
Wydanie:16a. ed
Hasła przedmiotowe:
Etykiety: Dodaj etykietę
Nie ma etykietki, Dołącz pierwszą etykiete!

MARC

LEADER 00000nam a2200000 a 4500
001 UCO6342
003 CL-VaPUC
008 001020e20000000CL |||||||||||||||||spa|d
082 0 4 |a 344.01  |b HUM  |2 21 
100 |a Humeres Noguer, Héctor  |e autor  |9 621050 
245 1 0 |a Derecho del trabajo y de la seguridad social 
250 |a 16a. ed 
300 |a 626 p 
942 |c BK 
945 |d 20001020 00:00:00  |a vberengu 
260 |a Santiago  |b Jurídica de Chile  |c 2000 
650 0 |a Asignación familiar   |9 344930 
650 7 |a CONTRATO DE TRABAJO  |2 CL-VaPUC  |9 451057 
650 7 |a DERECHO LABORAL  |2 CL-VaPUC  |9 15 
650 7 |a LEGISLACION DEL TRABAJO  |2 CL-VaPUC  |9 446867 
650 7 |a PENSIONES  |2 CL-VaPUC  |9 323807 
650 7 |a PRESTACIONES FAMILIARES  |2 CL-VaPUC  |9 388568 
650 0 |a Seguridad social  |9 255322 
651 7 |a CHILE  |2 CL-VaPUC  |9 451058 
583 |a last modification  |c 20170720 05:03:29  |k Rodrigo Vera 
999 |c 291954  |d 291952 
952 |0 0  |1 0  |4 0  |6 344_010000000000000_HUM_2000  |7 0  |8 A  |9 342307  |a BIBDER  |b BIBDER  |d 2019-11-20  |i 3658619  |o 344.01 HUM 2000  |p 3658619  |r 2023-01-25  |w 2019-11-20  |y BK  |k DER